STN IEC 60601-2-12: 1998/Z1: 2007 [neplatná] (36 4800) Zdravotnícke elektrické prístroje Časť 2-12 Osobitné požiadavky na bezpečnosť pľúcnych ventilátorov na zdravotnícke použitie. Zmena 1

Bibliographic Details
Format: Book
Language:Slovak
English
PhysicalDescription:2 s. 30 cm
Published: Bratislava Slovenský ústav technickej normalizácie 2007
Subjects:

MARC

LEADER 00000nam a2200000 a 4500
001 vtls009816559
003 SK-MaSNL
005 20260301130351.0
008 130117s2007 xo f u 000 0 slo
015 |a SNBN2010/04-02544 
020 |c (cen. skup. 3) 
035 |a (SVKBBclas03)vtls000281763 
040 |a SNK  |b slo  |c SNK  |e AACR2 
041 1 |a slo  |h eng 
044 |a xo  |c SK 
046 |a s  |m 200712 (účin.) 
072 7 |a 621.3  |x Elektrotechnika  |2 konspekt 
080 |a 621.31  |2 2001 
080 |a 616-71  |2 2001 
080 |a 615.472  |2 2001 
080 |a 697.953  |2 2001 
080 |a 006.88  |2 2001 
080 |a (4)CENELEC  |2 2001 
080 |a (437.6)  |2 2001 
084 |a 11.040.10  |2 ICS 
130 0 |a STN 36 4800 [neplatná] (STN IEC 60601-2-12/Z1)  |9 477811 
245 1 0 |a STN IEC 60601-2-12: 1998/Z1: 2007 [neplatná] (36 4800) Zdravotnícke elektrické prístroje  |n Časť 2-12  |p Osobitné požiadavky na bezpečnosť pľúcnych ventilátorov na zdravotnícke použitie. Zmena 1  |c spracovateľ Slovenský ústav technickej normalizácie Bratislava 
246 1 0 |a Zdravotnícke elektrické prístroje 
246 1 0 |a Osobitné požiadavky na bezpečnosť pľúcnych ventilátorov na zdravotnícke použitie 
260 |a Bratislava  |b Slovenský ústav technickej normalizácie  |c 2007 
300 |a 2 s.  |c 30 cm 
500 |a Od 1.12.2007 je v celom rozsahu nahradená STN EN 60601-2-12 z decembra 2007. Do 1.5.2009 sa môžu súbežne používať. 
500 |a V názve normy: Časť 2 ... namiesto Časť 2-12 ... 
540 |a STN vydané na akomkoľvek nosiči sa môžu rozmnožovať a rozširovať iba so súhlasom určenej právnickej osoby  |b SÚTN Bratislava  |c zákon 264/1999 Z.z. 
650 0 7 |a zdravotnícke prístroje  |2 SVKBBPH  |9 407909 
650 0 7 |a pľúcne ventilátory  |2 SVKBBPH  |9 477812 
650 0 7 |a technické normy a štandardy  |z Slovensko  |2 SNKPH  |9 79594 
650 0 7 |a technické normy a štandardy  |z krajiny Európskej únie  |2 SNKPH  |9 289341 
655 7 |a normy  |2 SNKPH  |9 70643 
710 2 |a Slovenský ústav technickej normalizácie  |4 stn  |9 32706 
958 |a OP 
999 |c 745039  |d 746969 
952 |a SNK  |b SNK  |y PREZ  |7 0  |p 17A0590089  |o snkSTN IEC 60601-2-12/Z1  |i snk2008/11494  |8 0  |0 0  |1 0  |4 0  |d 2008-05-29  |l 0  |r 2026-02-23 23:13:27  |w 2026-02-23 
952 |a SNK  |b SNK  |y PREZ  |7 0  |p 17A0590090  |o snkSTN IEC 60601-2-12/Z1 D1  |i snk2008/11495  |8 0  |0 0  |1 0  |4 0  |d 2008-05-29  |l 0  |r 2026-02-23 23:13:28  |w 2026-02-23